| Tag |
First Indicator |
Second Indicator |
Subfields |
| LEADER |
00000cam a22000001a 4500 |
| 001 |
in00003407331 |
| 006 |
m d f |
| 007 |
cr bn mmmapmmp |
| 008 |
101223s2009 dcu o f000 0 eng d |
| 005 |
20260430201312.6 |
| 035 |
|
|
|a cis2007870048
|
| 040 |
|
|
|a ProQuest
|c ProQuest
|d UtOrBLW
|
| 043 |
|
|
|a n-us---
|
| 099 |
|
|
|a CRS-2009-FDT-0560
|
| 110 |
2 |
|
|a Library of Congress.
|b Congressional Research Service.
|
| 245 |
1 |
0 |
|a Japan-U.S. Relations :
|b Issues for Congress.
|
| 264 |
|
1 |
|a [Place of publication not identified] :
|b [publisher not identified],
|c 2009.
|
| 300 |
|
|
|a 1 online resource.
|
| 336 |
|
|
|a text
|b txt
|2 rdacontent
|
| 337 |
|
|
|a computer
|b c
|2 rdamedia
|
| 338 |
|
|
|a online resource
|b cr
|2 rdacarrier
|
| 500 |
|
|
|a Record is based on bibliographic data in ProQuest U.S. Congressional Research Digital Collection (last viewed Dec. 2010). Reuse except for individual research requires license from ProQuest, LLC.
|
| 500 |
|
|
|a CRS Report.
|
| 520 |
|
|
|a Examines role of Congress in U.S.-Japan relations; major diplomatic and security issues, including global, regional, historical, and military issues; economic issues; and Japanese political developments. Reviews related legislation.
|
| 500 |
|
|
|a Electronic resource.
|
| 650 |
|
0 |
|a International relations.
|
| 650 |
|
0 |
|a Economic policy.
|
| 651 |
|
0 |
|a Japan.
|
| 655 |
|
7 |
|a Electronic books.
|2 local
|
| 710 |
2 |
|
|a ProQuest (Firm)
|
| 776 |
0 |
8 |
|i Microfiche version:
|a Library of Congress. Congressional Research Service.
|t Japan-U.S. Relations
|
| 830 |
|
0 |
|a U.S. Congressional Research.
|
| 856 |
4 |
0 |
|u http://proxy.library.tamu.edu/login?url=https://congressional.proquest.com/congcomp/getdoc?CRDC-ID=CRS-2009-FDT-0560
|z Connect to the full text of this electronic book
|t 0
|
| 999 |
|
|
|a MARS
|
| 999 |
f |
f |
|s 7693798b-da2c-3561-a7f1-b96f201dd557
|i a4e1181b-6a33-3fb5-9db1-59ed5f9043bd
|t 0
|
| 952 |
f |
f |
|a Texas A&M University
|b College Station
|c Electronic Resources
|s www_evans
|d Available Online
|t 0
|e CRS-2009-FDT-0560
|h Other scheme
|
| 998 |
f |
f |
|a CRS-2009-FDT-0560
|t 0
|l Available Online
|